000 00619cam a2200217 a 4500
005 20260322212033.0
008 data
010 _a 81023170
020 _a0816507708 (pbk.) :
_c{dollar}3.95
020 _a9780816507702 (pbk.) :
_c{dollar}3.95
040 _aDLC
_cDLC
_dDLC
050 0 0 _aQL696.C83
_bW33 1982
082 0 0 _a598/.74
_219
092 _a598.74 W33 1982
100 1 _aWaggin, Chuck.
245 1 2 _aA lighthearted look at the roadrunner /
_cChuck Waggin.
260 _aTucson, Ariz. :
_bUniversity of Arizona Press,
_cc1982.
300 _a[80] p. :
_bill. ;
_c16 x 23 cm.
650 0 _aRoadrunner.
001 data
999 _c752
_d752